00242nam a2200085Ia 4500008004100000100004400041245002500085260003700110300000900147190216s9999||||xx |||||||||||||| ||und|| a"Samir K Barua , Varma Jr, Faghunathan" 0aPortfolio Management bTata Mcgrawhill Publishersc2000 a258p